Culture Générale - Série 2162 - Statistiques

Statistiques générales
  • Ce quiz a été pris 122 fois
  • Le résultat moyen est 4 sur 10
Statistiques - réponses
Question Réponse % Correct
Comment appelle-t-on un petit appartement pour homme seul ? garçonnière
67%
Quel était le prénom de l'ingénieur français, pionnier de l'aviation, Ader (1841-1925) ? Clément
62%
Quel philosophe (1469-1527) a écrit "Le prince" et "L'art de la guerre" ? Machiavel
53%
Quel est le nom de l'architecte sino-américain qui a conçu "La pyramide du Louvre" à Paris ? Pei
45%
Selon les paroles d'une chanson de Bourvil, que ne verra-t-on jamais sur le sol irlandais ? oranger
41%
Quel est le prénom du réalisateur de "Batman" et de "La planète des singes" ? voir photo Tim
39%
Autrefois, à Paris, comment appelait-on un agent de police en tenue à bicyclette ? hirondelle
38%
Quelle Carole présente, depuis 2010, sur France 3, l'émission "Des racines et des ailes" ? Gaessler
23%
Dans l'anatomie du corps humain, comment appelle-t-on la la troisième partie (terminale) de l'intestin grêle ? iléon
23%
Quel saint a fondé l'ordre des Chartreux ? Bruno
15%
Aucun quiz correspondant
Distribution des résultats
% des personnes avec chaque résultat
Percentile par nombre de réponses
Votre historique - résultats
Vous n’avez pas pris ce quiz